WWE Modern Finishers - Statistics

General Stats
  • This quiz has been taken 314 times
  • The average score is 15 of 18
Answer Stats
Finisher Superstar % Correct
Curbstomp Seth Rollins
96%
Styles Clash AJ Styles
95%
YES! Lock Daniel Bryan
90%
F5 Brock Lesnar
88%
Dirty Deeds Dean Ambrose
88%
Spear Roman Reigns
87%
Skull Crushing Finale The Miz
86%
Bank Statement Sasha Banks
85%
End of Days Baron Corbin
84%
Pop Up Powerbomb Kevin Owens
84%
Coup de Grace Finn Balor
83%
Figure 8 Charlotte
81%
Kinshasa Shinsuke Nakamura
80%
Helluva Kick Sami Zayn
78%
Glorious DDT Bobby Roode
77%
Rear View Naomi
64%
Muscle Buster Samoa Joe
62%
Drift Away Elias
51%
No matching quizzes found
Score Distribution
Percent of People with Each Score
Percentile by Number Answered
Your Score History
You have not taken this quiz